Vista normal Vista MARC

Entrada Topical Term

Número de registros utilizados en: 2

001 - CONTROL NUMBER

  • control field: 7488

003 - CONTROL NUMBER IDENTIFIER

  • control field: OSt

005 - DATE AND TIME OF LATEST TRANSACTION

  • control field: 20200717173202.0

008 - FIXED-LENGTH DATA ELEMENTS

  • fixed length control field: 200717|| aca||aabn | a|a d

040 ## - CATALOGING SOURCE

  • Original cataloging agency: OSt
  • Transcribing agency: OSt

150 ## - HEADING--TOPICAL TERM

  • Topical term or geographic name entry element: Economía colonial
  • Chronological subdivision: 1500-1740

670 ## - SOURCE DATA FOUND

  • Source citation: Work cat.: (OSt)5441: Ocampo, José Antonio, compilador 6129, Historia económica de Colombia /, 1994.